[Event "Winnipeg TNT May op"]
[Site "Winnipeg CAN"]
[Date "2012.05.08"]
[Round "2"]
[White "Schulz, Waldemar"]
[Black "Currie, James"]
[Result "0-1"]
[WhiteElo "2035"]
[BlackElo "1949"]
[PlyCount "108"]
[GameId "2160767909509554"]
[EventDate "2012.05.01"]
[EventType "swiss"]
[EventRounds "5"]
[EventCountry "CAN"]
[SourceTitle "EXT 2022"]
[Source "ChessBase"]
[SourceDate "2021.10.06"]
[SourceVersion "1"]
[SourceVersionDate "2021.10.06"]
[SourceQuality "1"]

1. Nf3 Nf6 2. c4 g6 3. b3 Ng8 4. Bb2 f6 5. g3 e5 6. Bg2 Nh6 7. Nc3 Nf7 8. d4 d6 9. e4 Nc6 10. Nd5 Bg7 11. Qe2 Bg4 12. dxe5 fxe5 13. Qd3 O-O 14. O-O Bxf3 15. Bxf3 Ng5 16. Bg2 Ne6 17. f4 exf4 18. Bxg7 Kxg7 19. gxf4 Qh4 20. Qe3 Qh5 21. Bf3 Qh6 22. Bg4 Ncd4 23. Qc3 Kg8 24. Nxc7 Nxc7 25. Qxd4 Rxf4 26. Rxf4 Qxf4 27. Bh3 Rf8 28. Rf1 Qg5+ 29. Bg2 Rxf1+ 30. Kxf1 Qf4+ 31. Kg1 b6 32. Qf2 Qe5 33. Qd2 Kg7 34. Bh3 Kf6 35. Qh6 Qg5+ 36. Qxg5+ Kxg5 37. Kf2 Kf4 38. Bg2 g5 39. Ke2 Ne8 40. Kd3 Nf6 41. Kd4 h5 42. b4 g4 43. a4 h4 44. a5 h3 45. Bh1 Nh5 46. c5 bxc5+ 47. bxc5 dxc5+ 48. Kxc5 g3 49. hxg3+ Nxg3 50. e5 Nxh1 51. e6 Ng3 52. e7 Ne4+ 53. Kd5 Nf6+ 54. Ke6 Kg5 0-1

[Event "Winnipeg TNT May op"]
[Site "Winnipeg CAN"]
[Date "2012.05.08"]
[Round "2"]
[White "Wolchock, Theo"]
[Black "Leaden, Bruce"]
[Result "1-0"]
[WhiteElo "1778"]
[BlackElo "1479"]
[PlyCount "59"]
[GameId "2160767909509555"]
[EventDate "2012.05.01"]
[EventType "swiss"]
[EventRounds "5"]
[EventCountry "CAN"]
[SourceTitle "EXT 2022"]
[Source "ChessBase"]
[SourceDate "2021.10.06"]
[SourceVersion "1"]
[SourceVersionDate "2021.10.06"]
[SourceQuality "1"]

1. c4 c5 2. g3 g6 3. Bg2 Bg7 4. Nc3 Nc6 5. e3 e5 6. Nge2 Nge7 7. O-O d6 8. d3 O-O 9. a3 a5 10. Rb1 Be6 11. Bd2 Qd7 12. Na4 Ra6 13. Nec3 Bh3 14. Qb3 Bxg2 15. Kxg2 Na7 16. Nb6 Qc6+ 17. Nbd5 Nxd5 18. Nxd5 a4 19. Qc2 b5 20. Kg1 Qd7 21. Rfc1 f5 22. cxb5 Nxb5 23. Qc4 Kh8 24. b4 Raa8 25. Nb6 Nxa3 26. Nxd7 Nxc4 27. Rxc4 Rf7 28. Nb6 Ra6 29. bxc5 dxc5 30. Nxa4 1-0

[Event "Winnipeg TNT May op"]
[Site "Winnipeg CAN"]
[Date "2012.05.15"]
[Round "3"]
[White "Baron, Cody"]
[Black "Wolchock, Theo"]
[Result "1-0"]
[WhiteElo "1462"]
[BlackElo "1778"]
[PlyCount "55"]
[GameId "2160767909509556"]
[EventDate "2012.05.01"]
[EventType "swiss"]
[EventRounds "5"]
[EventCountry "CAN"]
[SourceTitle "EXT 2022"]
[Source "ChessBase"]
[SourceDate "2021.10.06"]
[SourceVersion "1"]
[SourceVersionDate "2021.10.06"]
[SourceQuality "1"]

1. e4 c5 2. Nf3 e6 3. d4 d5 4. Bb5+ Bd7 5. Bxd7+ Nxd7 6. exd5 exd5 7. O-O Bd6 8. Re1+ Ne7 9. Nc3 O-O 10. Bg5 Re8 11. Nxd5 f6 12. dxc5 Bxh2+ 13. Kxh2 fxg5 14. Nxe7+ Rxe7 15. Qd5+ Kh8 16. Nxg5 Qf8 17. Rxe7 Qxe7 18. Nf7+ Kg8 19. Ne5+ Kh8 20. Nxd7 Rd8 21. Rd1 Qh4+ 22. Kg1 Qe7 23. Qxb7 Qe2 24. Qf3 Qxc2 25. c6 Qxb2 26. c7 Rc8 27. Nc5 Qb6 28. Ne6 1-0

[Event "Winnipeg TNT May op"]
[Site "Winnipeg CAN"]
[Date "2012.05.15"]
[Round "3"]
[White "Bince, Rolando"]
[Black "Kaptsan, Aron"]
[Result "1/2-1/2"]
[WhiteElo "2084"]
[BlackElo "1973"]
[PlyCount "89"]
[GameId "2160767909509557"]
[EventDate "2012.05.01"]
[EventType "swiss"]
[EventRounds "5"]
[EventCountry "CAN"]
[SourceTitle "EXT 2022"]
[Source "ChessBase"]
[SourceDate "2021.10.06"]
[SourceVersion "1"]
[SourceVersionDate "2021.10.06"]
[SourceQuality "1"]

1. c4 Nf6 2. Nc3 g6 3. g3 Bg7 4. Bg2 O-O 5. d4 d6 6. Nf3 Nbd7 7. O-O e5 8. Bg5 h6 9. dxe5 dxe5 10. Bxf6 Bxf6 11. Qd2 Bg7 12. Rfd1 Qe7 13. Nd5 Qd6 14. b4 c6 15. Ne3 Qxd2 16. Nxd2 Nb6 17. a4 Be6 18. a5 Nd7 19. a6 Rab8 20. axb7 Rxb7 21. Bxc6 Rxb4 22. Bxd7 Bxd7 23. Rxa7 Bc6 24. Nd5 Bxd5 25. cxd5 Rd4 26. Rd7 Ra8 27. Kf1 Ra2 28. Ke1 Bf8 29. d6 Rxd6 30. Nc4 Rxd1+ 31. Rxd1 Bb4+ 32. Kf1 Bc3 33. Rd3 Bd4 34. Nd2 Kf8 35. Kg2 Ke7 36. f4 f6 37. Kf3 Bb6 38. h3 Bd4 39. h4 h5 40. fxe5 fxe5 41. g4 Rc2 42. gxh5 gxh5 43. Kg3 Rc3 44. Rxc3 Bxc3 45. Nf3 1/2-1/2

[Event "Winnipeg TNT May op"]
[Site "Winnipeg CAN"]
[Date "2012.05.15"]
[Round "3"]
[White "Boron, Anthony"]
[Black "Rutter, Blair"]
[Result "1-0"]
[WhiteElo "2063"]
[BlackElo "1874"]
[PlyCount "99"]
[GameId "2160767909509558"]
[EventDate "2012.05.01"]
[EventType "swiss"]
[EventRounds "5"]
[EventCountry "CAN"]
[SourceTitle "EXT 2022"]
[Source "ChessBase"]
[SourceDate "2021.10.06"]
[SourceVersion "1"]
[SourceVersionDate "2021.10.06"]
[SourceQuality "1"]

1. e4 e5 2. Nf3 Nc6 3. Bc4 Be7 4. d4 exd4 5. Nxd4 Ne5 6. Bb3 d6 7. O-O Nf6 8. Nc3 O-O 9. a4 c5 10. Nf5 Bxf5 11. exf5 Qd7 12. Nd5 c4 13. Nxe7+ Qxe7 14. Ba2 Rac8 15. Re1 Qd7 16. f4 Neg4 17. h3 Nh6 18. g4 Ne8 19. Qd5 Rc5 20. Qf3 b6 21. Be3 Rc7 22. Bd4 Qxa4 23. Qe4 Qc6 24. Qxc6 Rxc6 25. Re7 a6 26. Rae1 Nc7 27. b3 b5 28. bxc4 bxc4 29. c3 Nb5 30. Rd1 Rd8 31. Bb1 Kf8 32. Rb7 Nxd4 33. Rxd4 a5 34. Ba2 d5 35. Rb5 Rcd6 36. Rxa5 Ng8 37. Rb5 Nf6 38. Bb1 h6 39. Kf2 Ne8 40. g5 Nc7 41. Rb7 Na6 42. Bc2 Rb8 43. Rxb8+ Nxb8 44. Be4 Nd7 45. Rxd5 Ke7 46. f6+ gxf6 47. Rxd6 Kxd6 48. gxh6 Nf8 49. h7 Nxh7 50. Bxh7 1-0

[Event "Winnipeg TNT May op"]
[Site "Winnipeg CAN"]
[Date "2012.05.15"]
[Round "3"]
[White "Cleto, Sam"]
[Black "Wasserman, Leor"]
[Result "0-1"]
[WhiteElo "1860"]
[BlackElo "1975"]
[PlyCount "68"]
[GameId "2160767909509559"]
[EventDate "2012.05.01"]
[EventType "swiss"]
[EventRounds "5"]
[EventCountry "CAN"]
[SourceTitle "EXT 2022"]
[Source "ChessBase"]
[SourceDate "2021.10.06"]
[SourceVersion "1"]
[SourceVersionDate "2021.10.06"]
[SourceQuality "1"]

1. d4 Nf6 2. c4 e5 3. Nc3 exd4 4. Qxd4 Nc6 5. Qd1 Bc5 6. e3 O-O 7. Nf3 d6 8. a3 Bf5 9. Be2 Qd7 10. b4 Bb6 11. Bb2 a5 12. b5 Ne7 13. h3 Ne4 14. Nd4 Bxd4 15. Qxd4 Nxc3 16. Bxc3 f6 17. g4 c5 18. Qf4 Be6 19. Rd1 Rfd8 20. g5 Ng6 21. Qg3 fxg5 22. Qxg5 Qf7 23. h4 Bxc4 24. h5 Rf8 25. Bxc4 Qxc4 26. Bxg7 Kxg7 27. hxg6 hxg6 28. Qh6+ Kf6 29. Rh4 Qe6 30. Qf4+ Ke7 31. Qg5+ Kd7 32. b6 Qf5 33. Qg3 Qf6 34. Rh7+ Kc6 0-1

[Event "Winnipeg TNT May op"]
[Site "Winnipeg CAN"]
[Date "2012.05.15"]
[Round "3"]
[White "Currie, James"]
[Black "Green, Aaron"]
[Result "0-1"]
[WhiteElo "1949"]
[BlackElo "1970"]
[PlyCount "60"]
[GameId "2160767909509560"]
[EventDate "2012.05.01"]
[EventType "swiss"]
[EventRounds "5"]
[EventCountry "CAN"]
[SourceTitle "EXT 2022"]
[Source "ChessBase"]
[SourceDate "2021.10.06"]
[SourceVersion "1"]
[SourceVersionDate "2021.10.06"]
[SourceQuality "1"]

1. e4 c5 2. Nf3 d6 3. d3 Nf6 4. g3 g6 5. Bg2 Bg7 6. O-O O-O 7. Nbd2 Nc6 8. c3 Qc7 9. a4 a6 10. Nc4 Rb8 11. a5 Nd7 12. Bf4 e5 13. Bc1 b5 14. axb6 Nxb6 15. Ne3 f5 16. exf5 gxf5 17. Nh4 Ne7 18. Qb3+ Kh8 19. Qa2 f4 20. Nc4 d5 21. Nxb6 Rxb6 22. Bxd5 Nxd5 23. Qxd5 Bb7 24. Qc4 Qc8 25. f3 Qh3 26. Qxc5 fxg3 27. hxg3 Qxg3+ 28. Ng2 Rg6 29. Qf2 Qh3 30. Qe2 Rxf3 0-1

[Event "Winnipeg TNT May op"]
[Site "Winnipeg CAN"]
[Date "2012.05.15"]
[Round "3"]
[White "Green, Jim"]
[Black "Czarny, Keith"]
[Result "1-0"]
[WhiteElo "1772"]
[BlackElo "1704"]
[PlyCount "75"]
[GameId "2160767909509561"]
[EventDate "2012.05.01"]
[EventType "swiss"]
[EventRounds "5"]
[EventCountry "CAN"]
[SourceTitle "EXT 2022"]
[Source "ChessBase"]
[SourceDate "2021.10.06"]
[SourceVersion "1"]
[SourceVersionDate "2021.10.06"]
[SourceQuality "1"]

1. e4 Nf6 2. d3 d6 3. Nf3 g6 4. g3 Bg7 5. Bg2 O-O 6. O-O c5 7. Nbd2 Nc6 8. c3 Bd7 9. Re1 Qc8 10. Nf1 Bg4 11. Ne3 Bh3 12. Ng5 Bxg2 13. Kxg2 h6 14. Nf3 Nh7 15. h4 h5 16. a4 Nf6 17. Nc4 Ng4 18. Nh2 f5 19. f3 Nxh2 20. Kxh2 Ne5 21. Nxe5 Bxe5 22. f4 Bg7 23. Be3 fxe4 24. dxe4 Qc6 25. Qd5+ Qxd5 26. exd5 Rf5 27. Rad1 a6 28. Bc1 Rf7 29. Rd3 b5 30. Rde3 Kf8 31. a5 Rb8 32. R1e2 b4 33. c4 Bd4 34. Re6 Rg7 35. f5 Rb7 36. Bh6 Bf6 37. fxg6 Kg8 38. Rxf6 1-0

[Event "Winnipeg TNT May op"]
[Site "Winnipeg CAN"]
[Date "2012.05.15"]
[Round "3"]
[White "Leaden, Bruce"]
[Black "Kwiatek, Jordan"]
[Result "0-1"]
[WhiteElo "1479"]
[BlackElo "1875"]
[PlyCount "82"]
[GameId "2160767909509562"]
[EventDate "2012.05.01"]
[EventType "swiss"]
[EventRounds "5"]
[EventCountry "CAN"]
[SourceTitle "EXT 2022"]
[Source "ChessBase"]
[SourceDate "2021.10.06"]
[SourceVersion "1"]
[SourceVersionDate "2021.10.06"]
[SourceQuality "1"]

1. e4 e6 2. d4 d5 3. exd5 exd5 4. Nf3 Nc6 5. Bb5 Bd6 6. O-O Nge7 7. Bg5 f6 8. Be3 Bg4 9. h3 Bh5 10. Nbd2 Qd7 11. Re1 O-O-O 12. c4 dxc4 13. Nxc4 Bb4 14. Rf1 g5 15. a3 g4 16. Nfe5 fxe5 17. Nxe5 Qf5 18. Bxc6 gxh3 19. Bf3 hxg2 20. Bxh5 gxf1=Q+ 21. Kxf1 Qh3+ 22. Kg1 Rhg8+ 23. Bg4+ Kb8 24. axb4 Nd5 25. Qf3 Qxf3 26. Nxf3 Rxg4+ 27. Kf1 Nxb4 28. Ne5 Re4 29. Kg2 Nc2 30. Rh1 Nxe3+ 31. fxe3 Rxe3 32. Rxh7 Re2+ 33. Kf3 Rxb2 34. Ke3 Rb3+ 35. Kf2 a5 36. Nd7+ Kc8 37. Nc5 Rb4 38. Ne6 Rbxd4 39. Rxc7+ Kb8 40. Rxb7+ Kxb7 41. Nxd4 Rxd4 0-1

[Event "Winnipeg TNT May op"]
[Site "Winnipeg CAN"]
[Date "2012.05.15"]
[Round "3"]
[White "Ma, Derek"]
[Black "Avena, Danilo"]
[Result "1-0"]
[WhiteElo "1454"]
[BlackElo "1794"]
[PlyCount "95"]
[GameId "2160767909509563"]
[EventDate "2012.05.01"]
[EventType "swiss"]
[EventRounds "5"]
[EventCountry "CAN"]
[SourceTitle "EXT 2022"]
[Source "ChessBase"]
[SourceDate "2021.10.06"]
[SourceVersion "1"]
[SourceVersionDate "2021.10.06"]
[SourceQuality "1"]

1. e4 e5 2. Nf3 Nf6 3. Nxe5 d6 4. Nf3 Nxe4 5. Nc3 Nf6 6. Be2 Nc6 7. O-O Be6 8. d4 d5 9. Bg5 Be7 10. Bb5 a6 11. Bxc6+ bxc6 12. Ne5 Bd7 13. Qe2 O-O 14. Rfe1 Re8 15. Bxf6 Bxf6 16. Qh5 Bxe5 17. Rxe5 Rxe5 18. Qxe5 Be6 19. Na4 Qd6 20. Nc5 Qxe5 21. dxe5 Bf5 22. c3 Kf8 23. Kf1 Rb8 24. b4 Ke7 25. Ke2 Ra8 26. h3 a5 27. g4 Bc8 28. a4 f6 29. exf6+ Kxf6 30. f4 h5 31. Kf3 g6 32. Nd3 axb4 33. cxb4 Ba6 34. Ne5 Bb7 35. Nd7+ Ke7 36. Nc5 Bc8 37. Re1+ Kf7 38. a5 Rb8 39. a6 Ra8 40. Ra1 Ra7 41. gxh5 gxh5 42. Kg3 Kg6 43. Kh4 Kf5 44. Kxh5 Kxf4 45. h4 Bg4+ 46. Kg6 Be2 47. h5 d4 48. h6 1-0

[Event "Winnipeg TNT May op"]
[Site "Winnipeg CAN"]
[Date "2012.05.15"]
[Round "3"]
[White "Moleta, Johan Kenneth"]
[Black "Swift, Ryne"]
[Result "1-0"]
[WhiteElo "1720"]
[BlackElo "1853"]
[PlyCount "113"]
[GameId "2160767909509564"]
[EventDate "2012.05.01"]
[EventType "swiss"]
[EventRounds "5"]
[EventCountry "CAN"]
[SourceTitle "EXT 2022"]
[Source "ChessBase"]
[SourceDate "2021.10.06"]
[SourceVersion "1"]
[SourceVersionDate "2021.10.06"]
[SourceQuality "1"]

1. e4 e5 2. Nf3 Nc6 3. Bb5 Nf6 4. d4 exd4 5. e5 Nd5 6. O-O Be7 7. Nxd4 O-O 8. Re1 Nb6 9. Nf5 d6 10. Nxe7+ Qxe7 11. exd6 Qxd6 12. Qxd6 cxd6 13. Bf4 d5 14. Bd6 Rd8 15. Bc7 Rf8 16. Bxb6 axb6 17. Nc3 Be6 18. a3 Rfd8 19. Rad1 Rac8 20. Na4 Na7 21. Bd3 b5 22. Nc3 d4 23. Ne2 Rc7 24. Nf4 Bc4 25. Be4 g6 26. g4 f6 27. b3 Bf7 28. Bd3 Nc8 29. Ne6 Bxe6 30. Rxe6 Kf7 31. Rde1 Rc6 32. R6e2 Rc5 33. f4 Rd7 34. f5 Nd6 35. Rf1 gxf5 36. gxf5 Re5 37. Rf4 Nc8 38. Rh4 Rxe2 39. Bxe2 Kg8 40. Rg4+ Rg7 41. Rxg7+ Kxg7 42. Bxb5 Nd6 43. Bd3 Kh6 44. a4 Kg5 45. b4 b6 46. a5 bxa5 47. bxa5 Nc8 48. Kg2 Kg4 49. h3+ Kf4 50. Be2 Na7 51. Bd3 h5 52. h4 Kg4 53. a6 Kxh4 54. Kf3 Nc6 55. Kf4 Kh3 56. Ke4 Kg3 57. Kd5 1-0

[Event "Winnipeg TNT May op"]
[Site "Winnipeg CAN"]
[Date "2012.05.22"]
[Round "4.5"]
[White "Currie, James"]
[Black "Bince, Rolando"]
[Result "0-1"]
[WhiteElo "1949"]
[BlackElo "2084"]
[PlyCount "93"]
[GameId "2160767909509566"]
[EventDate "2012.05.01"]
[EventType "swiss"]
[EventRounds "5"]
[EventCountry "CAN"]
[SourceTitle "EXT 2022"]
[Source "ChessBase"]
[SourceDate "2021.10.06"]
[SourceVersion "1"]
[SourceVersionDate "2021.10.06"]
[SourceQuality "1"]

1. e4 e6 2. d3 d5 3. Nd2 Nf6 4. Ngf3 c5 5. g3 Nc6 6. Bg2 Be7 7. O-O O-O 8. Re1 b5 9. e5 Nd7 10. Nf1 Qc7 11. Bf4 Bb7 12. h4 a5 13. h5 Nd4 14. Nxd4 cxd4 15. Qg4 Kh8 16. Rac1 Ra6 17. Nh2 Rc6 18. Nf3 Bc5 19. Ng5 h6 20. Nf3 Bc8 21. Nh4 Be7 22. Nf3 Qa7 23. Bd2 Bc5 24. Kh2 Rg8 25. a3 Bb6 26. c3 dxc3 27. Bxc3 Bxf2 28. Rf1 Be3 29. Bd4 Bxd4 30. Rxc6 Bxe5 31. d4 Bb8 32. Nh4 Nf6 33. Qd1 Qe7 34. Re1 Ne4 35. Rxe4 dxe4 36. Qg4 Bd7 37. Rc1 Qd6 38. Rc3 f5 39. Ng6+ Kh7 40. Qh4 Qxd4 41. Qe7 Bd6 42. Qf7 e3 43. Bf3 b4 44. Rb3 Qd2+ 45. Kh3 Qf2 46. Nf4 Bxf4 47. gxf4 0-1

[Event "Winnipeg TNT May op"]
[Site "Winnipeg CAN"]
[Date "2012.05.22"]
[Round "4.5"]
[White "Czarny, Keith"]
[Black "Leaden, Bruce"]
[Result "1-0"]
[WhiteElo "1704"]
[BlackElo "1479"]
[PlyCount "39"]
[GameId "2160767909509567"]
[EventDate "2012.05.01"]
[EventType "swiss"]
[EventRounds "5"]
[EventCountry "CAN"]
[SourceTitle "EXT 2022"]
[Source "ChessBase"]
[SourceDate "2021.10.06"]
[SourceVersion "1"]
[SourceVersionDate "2021.10.06"]
[SourceQuality "1"]

1. Nf3 Nc6 2. d4 d5 3. c4 e6 4. Nc3 Nf6 5. Bg5 Be7 6. e3 O-O 7. Bd3 Nb4 8. Bb1 dxc4 9. O-O a6 10. Ne5 Nfd5 11. Bxe7 Qxe7 12. Nxc4 b5 13. Ne5 f6 14. Nf3 Bb7 15. Ne4 e5 16. Nc5 Bc8 17. Qb3 Be6 18. Nxe6 e4 19. Nxf8 Rxf8 20. Nd2 1-0

[Event "Winnipeg TNT May op"]
[Site "Winnipeg CAN"]
[Date "2012.05.22"]
[Round "4.5"]
[White "De Groot, Steven"]
[Black "Trueman, Francis"]
[Result "1-0"]
[WhiteElo "1858"]
[BlackElo "1529"]
[PlyCount "51"]
[GameId "2160767909509568"]
[EventDate "2012.05.01"]
[EventType "swiss"]
[EventRounds "5"]
[EventCountry "CAN"]
[SourceTitle "EXT 2022"]
[Source "ChessBase"]
[SourceDate "2021.10.06"]
[SourceVersion "1"]
[SourceVersionDate "2021.10.06"]
[SourceQuality "1"]

1. c4 e5 2. Nc3 d6 3. g3 Nf6 4. Bg2 g6 5. d3 Bg7 6. e4 O-O 7. Nge2 Nbd7 8. O-O c6 9. h3 Qc7 10. Be3 h5 11. Rb1 Nh7 12. d4 a6 13. Qd2 Kh8 14. Kh2 Bf6 15. f4 Rg8 16. Rf2 Qd8 17. Rbf1 g5 18. fxe5 dxe5 19. dxe5 Bxe5 20. Rxf7 g4 21. h4 Qxh4+ 22. Kg1 Qd8 23. Bd4 Qe8 24. Qh6 Bxd4+ 25. Nxd4 Ne5 26. Qxh7# 1-0

[Event "Winnipeg TNT May op"]
[Site "Winnipeg CAN"]
[Date "2012.05.22"]
[Round "4.5"]
[White "Kaptsan, Aron"]
[Black "Moleta, Johan Kenneth"]
[Result "1-0"]
[WhiteElo "1973"]
[BlackElo "1720"]
[PlyCount "91"]
[GameId "2160767909509569"]
[EventDate "2012.05.01"]
[EventType "swiss"]
[EventRounds "5"]
[EventCountry "CAN"]
[SourceTitle "EXT 2022"]
[Source "ChessBase"]
[SourceDate "2021.10.06"]
[SourceVersion "1"]
[SourceVersionDate "2021.10.06"]
[SourceQuality "1"]

1. d4 d5 2. c4 c6 3. Nc3 Nf6 4. e3 g6 5. Nf3 Bg7 6. Bd3 O-O 7. O-O Bg4 8. h3 Bxf3 9. Qxf3 e6 10. Rd1 Nbd7 11. cxd5 exd5 12. Bd2 Re8 13. Be1 Nf8 14. b4 Ne6 15. Rac1 Ng5 16. Qe2 Nfe4 17. Na4 h5 18. b5 Rc8 19. bxc6 Rxc6 20. Rxc6 bxc6 21. Qc2 Qf6 22. Nc5 Nxc5 23. Qxc5 Bf8 24. Qc2 Bd6 25. Rc1 Re6 26. Qd2 Qd8 27. f4 Nh7 28. Bf2 Be7 29. f5 Rf6 30. Bh4 g5 31. Bg3 Bd6 32. Be5 Qe7 33. Bxf6 Nxf6 34. Rxc6 g4 35. Rc1 Bb4 36. Qf2 Bd6 37. Kf1 Kg7 38. Ke2 Qb7 39. Qh4 Ne4 40. Bxe4 dxe4 41. Qg5+ Kf8 42. Qd8+ Kg7 43. Qxd6 Qb5+ 44. Ke1 Qa5+ 45. Kd1 Qa4+ 46. Rc2 1-0

[Event "Winnipeg TNT May op"]
[Site "Winnipeg CAN"]
[Date "2012.05.22"]
[Round "4.5"]
[White "Kwiatek, Jordan"]
[Black "Green, Jim"]
[Result "1/2-1/2"]
[WhiteElo "1875"]
[BlackElo "1772"]
[PlyCount "78"]
[GameId "2160767909509570"]
[EventDate "2012.05.01"]
[EventType "swiss"]
[EventRounds "5"]
[EventCountry "CAN"]
[SourceTitle "EXT 2022"]
[Source "ChessBase"]
[SourceDate "2021.10.06"]
[SourceVersion "1"]
[SourceVersionDate "2021.10.06"]
[SourceQuality "1"]

1. d4 d5 2. Bg5 Nf6 3. Bxf6 exf6 4. e3 g6 5. c4 c6 6. cxd5 Qxd5 7. Nc3 Qa5 8. Bd3 Bg7 9. Qf3 O-O 10. Nge2 Na6 11. h4 Nb4 12. Bb1 Nd5 13. h5 Nxc3 14. Nxc3 Qb4 15. Qe2 Be6 16. hxg6 fxg6 17. a3 Qe7 18. Bd3 Rad8 19. g4 f5 20. gxf5 Bxf5 21. O-O-O Bxd3 22. Rxd3 Qf7 23. f4 Qf5 24. Rd2 Rfe8 25. Qf3 g5 26. Rh5 h6 27. Rg2 Qf6 28. Qg3 gxf4 29. exf4 Qxd4 30. Re5 Qd7 31. Kb1 Rxe5 32. fxe5 Qf5+ 33. Ka1 Rd7 34. e6 Qxe6 35. Qb8+ Kh7 36. Qg3 Rf7 37. Rg1 Re7 38. Qd3+ Kh8 39. Qd8+ Re8 1/2-1/2

[Event "Winnipeg TNT May op"]
[Site "Winnipeg CAN"]
[Date "2012.05.22"]
[Round "4.5"]
[White "Moncal, Nilo"]
[Black "Boron, Anthony"]
[Result "1/2-1/2"]
[WhiteElo "2147"]
[BlackElo "2063"]
[PlyCount "98"]
[GameId "2160767909509571"]
[EventDate "2012.05.01"]
[EventType "swiss"]
[EventRounds "5"]
[EventCountry "CAN"]
[SourceTitle "EXT 2022"]
[Source "ChessBase"]
[SourceDate "2021.10.06"]
[SourceVersion "1"]
[SourceVersionDate "2021.10.06"]
[SourceQuality "1"]

1. e4 e6 2. c4 d5 3. Nc3 dxe4 4. Nxe4 Nf6 5. Nc3 c5 6. Nf3 Nc6 7. d3 Bd6 8. Be2 h6 9. O-O O-O 10. h3 b6 11. Be3 e5 12. Re1 Bb7 13. Nd2 Nd4 14. Nde4 Nxe4 15. dxe4 f5 16. exf5 Rxf5 17. Bg4 Rf8 18. Qd2 Qh4 19. Nd5 h5 20. Bg5 Qxf2+ 21. Qxf2 Rxf2 22. Kxf2 hxg4 23. Rad1 gxh3 24. gxh3 Rf8+ 25. Kg2 Nf3 26. Be3 Nxe1+ 27. Rxe1 Bxd5+ 28. cxd5 Rf5 29. Bf2 e4 30. Rxe4 Rxd5 31. Re8+ Kf7 32. Ra8 Rd2 33. Rxa7+ Kf6 34. b3 c4 35. Kf1 c3 36. Be1 Rd3 37. Ke2 Rxh3 38. Rb7 Bc5 39. b4 Bd4 40. Rc7 g5 41. a4 g4 42. a5 bxa5 43. bxa5 g3 44. Kf3 Rh2 45. Bxg3 Ra2 46. Ke4 Ra4 47. Kd3 Ke6 48. a6 Kd5 49. Rc8 c2 1/2-1/2

[Event "Winnipeg TNT May op"]
[Site "Winnipeg CAN"]
[Date "2012.05.22"]
[Round "4.5"]
[White "Rutter, Blair"]
[Black "Cleto, Sam"]
[Result "1/2-1/2"]
[WhiteElo "1874"]
[BlackElo "1860"]
[PlyCount "91"]
[GameId "2160767909509572"]
[EventDate "2012.05.01"]
[EventType "swiss"]
[EventRounds "5"]
[EventCountry "CAN"]
[SourceTitle "EXT 2022"]
[Source "ChessBase"]
[SourceDate "2021.10.06"]
[SourceVersion "1"]
[SourceVersionDate "2021.10.06"]
[SourceQuality "1"]

1. c4 Nf6 2. g3 e5 3. Bg2 c6 4. e4 Be7 5. Nc3 b5 6. cxb5 cxb5 7. Nxb5 Ba6 8. Nc3 Nc6 9. Nge2 O-O 10. a3 d5 11. exd5 Nd4 12. d3 Rb8 13. b4 Bb7 14. O-O Nxd5 15. Bb2 Nxc3 16. Bxc3 Bxg2 17. Kxg2 Qd5+ 18. f3 Rfc8 19. Bxd4 exd4 20. Qa4 Qe5 21. Ra2 Qd5 22. Rc2 Rxc2 23. Qxc2 a5 24. Rb1 axb4 25. axb4 g5 26. b5 g4 27. Rf1 Qxb5 28. fxg4 Qd5+ 29. Rf3 Bg5 30. Qc4 Qxc4 31. dxc4 Rb2 32. Kf1 Rb1+ 33. Kg2 Be3 34. Rf1 Rb2 35. Kf3 Rc2 36. Rd1 Rxc4 37. Ke4 Rc2 38. Kd3 Ra2 39. h3 Kg7 40. h4 Bf2 41. Rd2 Ra3+ 42. Ke4 Bxg3 43. Nxd4 Ra4 44. Kf3 Be5 45. Nf5+ Kf6 46. Rg2 1/2-1/2

[Event "Winnipeg TNT May op"]
[Site "Winnipeg CAN"]
[Date "2012.05.22"]
[Round "4.5"]
[White "Schulz, Waldemar"]
[Black "Baron, Cody"]
[Result "1-0"]
[WhiteElo "2035"]
[BlackElo "1462"]
[PlyCount "115"]
[GameId "2160767909509573"]
[EventDate "2012.05.01"]
[EventType "swiss"]
[EventRounds "5"]
[EventCountry "CAN"]
[SourceTitle "EXT 2022"]
[Source "ChessBase"]
[SourceDate "2021.10.06"]
[SourceVersion "1"]
[SourceVersionDate "2021.10.06"]
[SourceQuality "1"]

1. Nf3 Nf6 2. d4 e6 3. c4 d5 4. g3 c5 5. Bg2 h6 6. O-O Nc6 7. cxd5 exd5 8. Nc3 Be7 9. a3 c4 10. Ne5 Na5 11. Qa4+ Bd7 12. Nxd7 Nxd7 13. Nxd5 Nc6 14. Nxe7 Qxe7 15. Qxc4 Rc8 16. Qd3 O-O 17. Bd2 Rfd8 18. Bxc6 bxc6 19. Ba5 Re8 20. Rfe1 Qg5 21. Bc3 c5 22. Rad1 c4 23. Qf3 Nf6 24. e4 Qb5 25. d5 Nd7 26. e5 Nc5 27. d6 Rcd8 28. Qd5 a6 29. Bd4 Nd3 30. Qxb5 axb5 31. Re3 Rd7 32. f4 g6 33. Rd2 Re6 34. b3 Kf8 35. bxc4 bxc4 36. Rc2 Rb7 37. Rxc4 Rb1+ 38. Kg2 Rd1 39. Rc8+ Kg7 40. Rc2 Nxf4+ 41. gxf4 Rxd4 42. Kf3 Re8 43. Rc7 Kf8 44. Rcc3 Rd8 45. Rcd3 Ra4 46. Re4 Ra7 47. a4 h5 48. Rc3 Ke8 49. Rec4 Kd7 50. Rc7+ Rxc7 51. Rxc7+ Ke8 52. a5 Ra8 53. Rc5 Kd7 54. Ke4 Ke6 55. Rc7 f5+ 56. Kd4 Re8 57. Re7+ Rxe7 58. dxe7 1-0

[Event "Winnipeg TNT May op"]
[Site "Winnipeg CAN"]
[Date "2012.05.22"]
[Round "4.5"]
[White "Swift, Ryne"]
[Black "Avena, Danilo"]
[Result "1/2-1/2"]
[WhiteElo "1853"]
[BlackElo "1794"]
[PlyCount "97"]
[GameId "2160767909509574"]
[EventDate "2012.05.01"]
[EventType "swiss"]
[EventRounds "5"]
[EventCountry "CAN"]
[SourceTitle "EXT 2022"]
[Source "ChessBase"]
[SourceDate "2021.10.06"]
[SourceVersion "1"]
[SourceVersionDate "2021.10.06"]
[SourceQuality "1"]

1. e4 d5 2. exd5 Qxd5 3. Nf3 Bg4 4. Be2 Nc6 5. Nc3 Qd7 6. d3 Nf6 7. h3 Bh5 8. Be3 e6 9. Qd2 Bb4 10. O-O O-O-O 11. a3 Be7 12. b4 Kb8 13. Na2 Bxf3 14. Bxf3 Nd4 15. Bxd4 Qxd4 16. Qe3 h5 17. Qxd4 Rxd4 18. g3 g5 19. Bg2 h4 20. Nc3 Rd7 21. g4 Bd6 22. Ne2 Be5 23. Rad1 Nd5 24. Bxd5 Rxd5 25. f4 gxf4 26. c4 Bd4+ 27. Kg2 Rd7 28. Rxf4 Be5 29. Rf3 Rg8 30. Kf2 b6 31. Ke3 Bb2 32. Rb1 Bg7 33. Rbf1 Bh6+ 34. Ke4 f5+ 35. Ke5 fxg4 36. hxg4 Rxg4 37. Rg1 Rxg1 38. Nxg1 Rg7 39. Ne2 Rg2 40. Nf4 Bxf4+ 41. Rxf4 h3 42. Kxe6 Ra2 43. Rh4 h2 44. d4 Rxa3 45. Rxh2 Rb3 46. b5 Rc3 47. Kd5 Kb7 48. Rh7 Rc1 49. Re7 1/2-1/2